Hotel housekeeping: Operations and management (Record no. 395628)

MARC details
000 -LEADER
fixed length control field 00575 a2200217 4500
005 - DATE & TIME
control field 20260210101819.0
008 - FIXED-LENGTH DATA ELEMENTS--GENERAL INFORMATION
fixed length control field 260209b |||||||| |||| 00| 0 eng d
020 ## - ISBN
International Standard Book Number 9789354971389
Price Rs. 925.00
040 ## - CATALOGING SOURCE
Original cataloging agency VIVEKANANDA LIBRARY
082 ## - DDC NUMBER
Classification number 647.94
Book Number R126H(4)
100 ## - MAIN ENTRY--PERSONAL NAME
Personal name Raghubalan, G
245 ## - TITLE STATEMENT
Title Hotel housekeeping: Operations and management
250 ## - EDITION STATEMENT
Edition statement 4th
260 ## - PUBLICATION, DISTRIBUTION, ETC. (IMPRINT)
Name of publisher, distributor, etc Oxford
Date of publication, distribution, etc 2023
Place of publication, distribution, etc New Delhi
300 ## - PHYSICAL DESCRIPTION
Pages x, 851
650 ## - Subject
Subject Hotel Management
650 ## - Subject
Subject Hotel Housekeeping
650 ## - Subject
Subject Management -Housekeeping
700 ## - Added Entry Personal Name
Added Entry Personal Name Raghubalan Smritee
942 ## - ADDED ENTRY ELEMENTS (KOHA)
Koha item type Books
Holdings
Withdrawn status Lost status Source of classification or shelving scheme Damaged status Not for loan Location (home branch) Sublocation or collection (holding branch) Shelving location Date acquired Koha issues (times borrowed) Koha full call number Accession No. Koha date last seen Koha item type
    Dewey Decimal Classification     VIVEKANANDA LIBRARY VIVEKANANDA LIBRARY IHTM Library 21/01/2026   647.94 R126H(4) 425189 21/01/2026 Books
© Designed and Maintained by Vivekananda Library, MDU Rohtak